Statistics for Monarchs of Romania

Click here to take the quiz!

General Stats

  • This quiz has been taken 32 times
  • The average score is 4 of 5

Answer Stats

ReignMonarch% Correct
1881-1914Carol I
93%
1914-1927Ferdinand I
76%
1940-1947Michael I
76%
1930-1940Carol II
66%
1927-1930Michael I
59%

Score Distribution

Percentile by Number Answered

Percent of People with Each Score

Your Score History

You have not taken this quiz